[Event "KUP CENTRALNE SRBIJE"]
[Site "Kragujevac"]
[Date "2016.04.21"]
[Round "2.1"]
[White "Zajic, Milan"]
[Black "Mrsevic, Miroslav"]
[Result "0-1"]
[WhiteElo "2491"]
[BlackElo "2221"]
[PlyCount "58"]
[EventDate "2016.04.20"]

1. e4 g6 2. d4 Bg7 3. Nc3 d6 4. Be3 a6 5. Qd2 b5 6. f3 c6 7. Nge2 Nd7 8. g4 h5
9. gxh5 Rxh5 10. O-O-O b4 11. Nb1 Ra5 12. Qxb4 Rb8 13. Qe1 Rxa2 14. b3 c5 15.
Nbc3 Ra1+ 16. Kb2 Rxd1 17. Qxd1 c4 18. h4 Qa5 19. h5 cxb3 20. cxb3 Nb6 21. Nf4
Na4+ 22. Nxa4 Qxa4 23. hxg6 fxg6 24. Rh7 Kf7 25. Qc2 Nf6 26. Bc4+ d5 27. Nxd5
Be6 28. Bh6 Nxh7 29. Be3 Nf6 0-1

[Event "KUP CENTRALNE SRBIJE"]
[Site "Kragujevac"]
[Date "2016.04.21"]
[Round "2.1"]
[White "Kahrovic, Mersid"]
[Black "Djordjevic, Vuk"]
[Result "1/2-1/2"]
[WhiteElo "2301"]
[BlackElo "2410"]
[PlyCount "54"]
[EventDate "2016.04.20"]

1. e4 d5 2. exd5 Qxd5 3. Nc3 Qd6 4. d4 Nf6 5. Nb5 Qd8 6. Nf3 c6 7. Nc3 Bg4 8.
Be2 e6 9. a3 Bd6 10. Bg5 Nbd7 11. Ne4 Be7 12. Nxf6+ Nxf6 13. O-O O-O 14. c3 Nd7
15. Be3 Qc7 16. Qc2 Bd6 17. h3 Bf5 18. Bd3 Bxd3 19. Qxd3 Rad8 20. Rad1 h6 21.
c4 Nf6 22. Qc2 Rb8 23. Qc1 Qe7 24. Rfe1 b5 25. Ne5 Rfc8 26. Bxh6 gxh6 27. Qxh6
Nh7 1/2-1/2

[Event "KUP CENTRALNE SRBIJE"]
[Site "Kragujevac"]
[Date "2016.04.21"]
[Round "2.1"]
[White "Mladenovic, Stefan"]
[Black "Musovic, Sabrija"]
[Result "1-0"]
[WhiteElo "2329"]
[BlackElo "2011"]
[PlyCount "99"]
[EventDate "2016.04.20"]

1. d4 d5 2. c4 c6 3. Nf3 Nf6 4. e3 e6 5. b3 Nbd7 6. Bd3 Bb4+ 7. Nbd2 Ne4 8. O-O
f5 9. Bb2 O-O 10. a3 Bc3 11. Bxc3 Nxc3 12. Qc2 Ne4 13. b4 g5 14. b5 g4 15. Ne1
Nxd2 16. Qxd2 dxc4 17. Bxc4 Nb6 18. Be2 cxb5 19. Bxb5 Qh4 20. Nd3 a6 21. Qa5
Qd8 22. Ba4 Nxa4 23. Qxa4 Rf6 24. Rfc1 b5 25. Qc2 Bb7 26. Qc7 Bd5 27. Ne5 h5
28. Qxd8+ Rxd8 29. Rc7 f4 30. Rac1 fxe3 31. fxe3 Rff8 32. R1c5 Be4 33. Nc6 Rd5
34. Ne7+ Kh8 35. Nxd5 exd5 36. Rc8 Kg7 37. Rxf8 Kxf8 38. Rc8+ Kf7 39. Ra8 Kf6
40. Rxa6+ Kf5 41. Kf2 Bd3 42. Rd6 Bc4 43. h4 gxh3 44. gxh3 Kg5 45. Kg3 h4+ 46.
Kf2 Kf5 47. Rh6 Kg5 48. Re6 Kf5 49. Re5+ Kg6 50. Kf3 1-0

[Event "KUP CENTRALNE SRBIJE"]
[Site "Kragujevac"]
[Date "2016.04.21"]
[Round "2.1"]
[White "Brajovic, Miroljub"]
[Black "Ivic, Matija"]
[Result "1/2-1/2"]
[WhiteElo "2087"]
[BlackElo "2155"]
[PlyCount "46"]
[EventDate "2016.04.20"]

1. e4 c5 2. c3 d5 3. exd5 Qxd5 4. d4 Nf6 5. Nf3 g6 6. Be2 cxd4 7. cxd4 Bg7 8.
Nc3 Qd8 9. O-O O-O 10. Ne5 Nc6 11. Be3 Be6 12. Qa4 Bd7 13. Nxd7 Qxd7 14. Bf3 e6
15. Rac1 Rfd8 16. Rfd1 Ne7 17. Qb3 Ned5 18. Nxd5 Nxd5 19. Rc2 Rac8 20. Rdc1
Rxc2 21. Qxc2 Bf6 22. h3 Kg7 23. Qd2 h5 1/2-1/2

[Event "KUP CENTRALNE SRBIJE"]
[Site "Kragujevac"]
[Date "2016.04.21"]
[Round "2.2"]
[White "Avramovic, Zoran"]
[Black "Irizanin, Radoje"]
[Result "0-1"]
[WhiteElo "2340"]
[BlackElo "2280"]
[PlyCount "84"]
[EventDate "2016.04.20"]

1. f4 c5 2. Nf3 Nc6 3. e3 g6 4. d4 cxd4 5. exd4 d5 6. c3 Nf6 7. Bd3 Bf5 8. Qc2
e6 9. O-O Qc7 10. Bxf5 gxf5 11. Qe2 Bd6 12. Ne5 h5 13. Rf3 Nxd4 14. cxd4 Qxc1+
15. Rf1 Qc7 16. Qb5+ Ke7 17. Nc3 Qb6 18. Qxb6 axb6 19. Nb5 Ne4 20. Rf3 Rac8 21.
Rb3 Rc2 22. Nxd6 Nxd6 23. Rxb6 Rg8 24. g3 h4 25. a4 hxg3 26. h4 f6 27. Nf3 Rg4
28. Ne1 Rc7 29. Ng2 Rg8 30. Rb3 Ne4 31. Re1 Kf7 32. Rb6 Ra8 33. b3 Ra6 34. Rxa6
bxa6 35. Re3 Kg6 36. Re2 Kh5 37. Ne3 Rc1+ 38. Kg2 Rb1 39. Rc2 Rxb3 40. Kf3 e5
41. fxe5 fxe5 42. dxe5 d4 0-1

[Event "KUP CENTRALNE SRBIJE"]
[Site "Kragujevac"]
[Date "2016.04.21"]
[Round "2.2"]
[White "Smolovic, Mile"]
[Black "Ugrenovic, Bozidar"]
[Result "1/2-1/2"]
[WhiteElo "2283"]
[BlackElo "2192"]
[PlyCount "90"]
[EventDate "2016.04.20"]

1. e4 c5 2. Nc3 Nc6 3. Bb5 g6 4. Bxc6 dxc6 5. d3 Bg7 6. f4 Nh6 7. Nf3 Bg4 8. h3
Bxf3 9. Qxf3 f6 10. f5 Nf7 11. fxg6 hxg6 12. Qg3 g5 13. Be3 Qd6 14. Qxd6 exd6
15. O-O-O b6 16. Ne2 Rd8 17. Ng3 d5 18. exd5 Rxd5 19. Rhf1 O-O 20. Ne4 Ne5 21.
b3 a5 22. d4 cxd4 23. Rxd4 Rxd4 24. Bxd4 Nd7 25. Nd6 c5 26. Bc3 Rd8 27. a4 Kh7
28. Nc4 Rb8 29. Rd1 Rb7 30. Nd6 Ra7 31. Re1 Bf8 32. Nf5 Kg6 33. g4 Kf7 34. Ne3
Rc7 35. Nc4 Rc6 36. Kd2 Bd6 37. Kd3 Bf4 38. Rf1 Ke6 39. h4 Bc7 40. h5 Bf4 41.
Ke4 Rc8 42. Re1 Rf8 43. Kf3+ Be5 44. Bd2 Rg8 45. Re2 Rf8 1/2-1/2

[Event "KUP CENTRALNE SRBIJE"]
[Site "Kragujevac"]
[Date "2016.04.21"]
[Round "2.2"]
[White "Trpkovic, Miroljub"]
[Black "Gavrilovic, Leonardo"]
[Result "0-1"]
[WhiteElo "1923"]
[BlackElo "2191"]
[PlyCount "60"]
[EventDate "2016.04.20"]

1. e4 Nf6 2. e5 Nd5 3. c4 Nb6 4. d4 d6 5. exd6 cxd6 6. Nf3 g6 7. Be2 Bg7 8. O-O
O-O 9. Nc3 Nc6 10. Be3 Bg4 11. b3 d5 12. c5 Nc8 13. Rc1 e6 14. h3 Bxf3 15. Bxf3
N8e7 16. Ne2 Nf5 17. Qd2 Nh4 18. Rcd1 Nxf3+ 19. gxf3 Qh4 20. Kh2 e5 21. Ng3
Nxd4 22. Kg2 Qe7 23. b4 a5 24. a3 axb4 25. axb4 Ra3 26. Bxd4 exd4 27. Ne2 d3
28. Nc1 Bc3 29. Qf4 d2 30. Nd3 Re8 0-1

[Event "KUP CENTRALNE SRBIJE"]
[Site "Kragujevac"]
[Date "2016.04.21"]
[Round "2.2"]
[White "Roljevic, Djordje"]
[Black "Zivkovic, Vladisa"]
[Result "1-0"]
[WhiteElo "2105"]
[BlackElo "1744"]
[PlyCount "103"]
[EventDate "2016.04.20"]

1. d4 d5 2. Nf3 Nf6 3. c4 Bf5 4. Qb3 dxc4 5. Qxb7 Nbd7 6. Qc6 e6 7. Nc3 Rb8 8.
g3 Bb4 9. Bg2 Rb6 10. Qxc4 Ne4 11. a3 Nd6 12. Qa2 Bxc3+ 13. bxc3 Qb8 14. Nd2
Nf6 15. a4 Nfe4 16. a5 Nxc3 17. Qa3 Ndb5 18. Qc5 Rd6 19. Bc6+ Kd8 20. e3 a6 21.
Bb2 Na7 22. Bxc3 Rxc6 23. Qb4 Qxb4 24. Bxb4 Kd7 25. Bc5 Nb5 26. O-O e5 27. Nb3
exd4 28. Bxd4 f6 29. Rfd1 Kc8 30. Rac1 Rxc1 31. Rxc1 Nxd4 32. Nxd4 Bd7 33. f4
h5 34. h4 Kb7 35. Nb3 Bb5 36. Nc5+ Ka7 37. Ne6 c6 38. Nxg7 Rd8 39. Nxh5 Rd3 40.
Kf2 Rd2+ 41. Kg1 Ra2 42. Nxf6 Rxa5 43. h5 Kb7 44. h6 Bd3 45. e4 Bxe4 46. Nxe4
Rh5 47. Nd6+ Kb6 48. Nf7 c5 49. Kg2 a5 50. g4 Rd5 51. h7 Rd2+ 52. Kg1 1-0

[Event "KUP CENTRALNE SRBIJE"]
[Site "Kragujevac"]
[Date "2016.04.21"]
[Round "2.3"]
[White "Tosic, Miroslav"]
[Black "Ostojic, Nikola"]
[Result "1/2-1/2"]
[WhiteElo "2418"]
[BlackElo "2434"]
[PlyCount "35"]
[EventDate "2016.04.20"]

1. Nf3 Nf6 2. d3 g6 3. e4 d6 4. g3 Bg7 5. Bg2 c5 6. O-O Nc6 7. c3 O-O 8. a3 Bg4
9. h3 Bxf3 10. Qxf3 Nd7 11. Nd2 b5 12. Qe2 Qc7 13. Nf3 a5 14. Be3 b4 15. axb4
axb4 16. d4 bxc3 17. bxc3 Ra5 18. Rxa5 1/2-1/2

[Event "KUP CENTRALNE SRBIJE"]
[Site "Kragujevac"]
[Date "2016.04.21"]
[Round "2.3"]
[White "Nestorovic, Lazar"]
[Black "Milovanovic, Srboljub"]
[Result "1-0"]
[WhiteElo "2355"]
[BlackElo "2143"]
[PlyCount "45"]
[EventDate "2016.04.20"]

1. e4 c5 2. Nc3 Nc6 3. Bb5 Nd4 4. Nf3 Nxb5 5. Nxb5 d6 6. d4 a6 7. Nc3 cxd4 8.
Qxd4 Nf6 9. Bg5 h6 10. Bxf6 gxf6 11. O-O-O Be6 12. Kb1 Qc7 13. Qe3 Qc5 14. Nd4
Bd7 15. Nd5 Rc8 16. Rd3 Qa7 17. f4 Bg7 18. Nxe7 Kxe7 19. Nf5+ Bxf5 20. Qxa7
Bxe4 21. Re1 f5 22. Qxb7+ Kf6 23. Rxd6# 1-0

[Event "KUP CENTRALNE SRBIJE"]
[Site "Kragujevac"]
[Date "2016.04.21"]
[Round "2.3"]
[White "Batanjac, Aleksandar"]
[Black "Rajkovic, Mladen"]
[Result "1-0"]
[WhiteElo "2163"]
[BlackElo "2320"]
[PlyCount "85"]
[EventDate "2016.04.20"]

1. e4 e5 2. Nf3 Nc6 3. d4 exd4 4. Bc4 Nf6 5. e5 d5 6. Bb5 Ne4 7. Nxd4 Bd7 8.
Bxc6 bxc6 9. O-O Bc5 10. f3 Ng5 11. Kh1 Bb6 12. Nb3 a5 13. a4 Bc8 14. Re1 Ne6
15. Be3 d4 16. Bf2 c5 17. Na3 h5 18. Nc4 h4 19. Nbd2 h3 20. Bg3 hxg2+ 21. Kxg2
Bb7 22. Ne4 Bd5 23. b3 Ng5 24. Nxg5 Qxg5 25. Qd2 Qh5 26. Qd3 O-O-O 27. e6 fxe6
28. Re5 Qh3+ 29. Kg1 Kb7 30. Rae1 Rh6 31. Rg5 g6 32. Nd2 Rf8 33. Ree5 Rf5 34.
Ne4 Rh8 35. Qb5 Bxe4 36. fxe4 Rf1+ 37. Qxf1 Qh7 38. Qc4 Qh6 39. Rxc5 Bxc5 40.
Qxc5 Rh7 41. Qb5+ Kc8 42. Qe8+ Kb7 43. Rb5+ 1-0

[Event "KUP CENTRALNE SRBIJE"]
[Site "Kragujevac"]
[Date "2016.04.21"]
[Round "2.3"]
[White "Zivkovic, Dejan"]
[Black "Minic, Ivan"]
[Result "0-1"]
[WhiteElo "2304"]
[BlackElo "2134"]
[PlyCount "82"]
[EventDate "2016.04.20"]

1. d4 d5 2. Nf3 Nf6 3. e3 g6 4. Bd3 Bg7 5. b3 O-O 6. Bb2 Nbd7 7. h3 Ne4 8. Bxe4
dxe4 9. Ng5 Nf6 10. Nc3 b6 11. Ngxe4 Nxe4 12. Nxe4 Bb7 13. f3 c5 14. Nf2 Qc7
15. c3 Rfd8 16. Qe2 e5 17. dxe5 Qxe5 18. O-O a5 19. Ng4 Qe6 20. Rfe1 h5 21. Nf2
c4 22. Qc2 Bh6 23. Rad1 Rxd1 24. Qxd1 Bg5 25. Bc1 a4 26. b4 b5 27. e4 Bf6 28.
Qc2 Qe5 29. Nd1 Qg3 30. Qf2 Qd6 31. f4 Qc6 32. Kh2 Rd8 33. e5 Bh4 34. g3 Be7
35. Be3 Rd3 36. a3 h4 37. Rg1 Qd5 38. Nb2 Rxc3 39. gxh4 Qe4 40. Nd1 Rc2 41. Bd2
Qd3 0-1

[Event "KUP CENTRALNE SRBIJE"]
[Site "Kragujevac"]
[Date "2016.04.21"]
[Round "2.4"]
[White "Kostic, Ninoslav"]
[Black "Dragasevic, Dragan"]
[Result "1-0"]
[WhiteElo "2139"]
[BlackElo "2229"]
[PlyCount "117"]
[EventDate "2016.04.20"]

1. d4 Nf6 2. c3 d5 3. Bg5 e6 4. Nd2 c5 5. e3 Nc6 6. Ngf3 Bd6 7. Bd3 h6 8. Bh4
O-O 9. O-O Re8 10. Bg3 Bxg3 11. hxg3 e5 12. dxe5 Nxe5 13. Nxe5 Rxe5 14. Nf3 Re7
15. Qc2 b6 16. Rad1 Qc7 17. Rfe1 Bb7 18. Qa4 g5 19. Bb1 Rae8 20. Nd2 Bc8 21.
Qc2 Bg4 22. Rc1 Bh5 23. Nf1 Re5 24. Qd2 Qe7 25. f3 Kg7 26. g4 Bg6 27. Kf2 Qe6
28. Ng3 Rd8 29. Bf5 Qe8 30. Rcd1 Qb5 31. Qc2 Qe8 32. Re2 Qe7 33. a3 Re8 34.
Rde1 Qb7 35. Qd3 a6 36. a4 b5 37. axb5 axb5 38. Ra1 Qb6 39. b3 Rd8 40. Bxg6
fxg6 41. Rea2 Re7 42. Ra6 Qb8 43. Rc6 d4 44. cxd4 cxd4 45. e4 Rc7 46. Rxc7+
Qxc7 47. Ne2 h5 48. gxh5 Nxh5 49. g3 Kh6 50. Ra6 Ng7 51. Kg2 Kh7 52. Kf2 Rd7
53. Ra8 Ne6 54. Re8 Qc6 55. f4 Nc5 56. Qf3 Kg7 57. Qh1 Nd3+ 58. Kg1 Kf7 59. Qh8
1-0

[Event "KUP CENTRALNE SRBIJE"]
[Site "Kragujevac"]
[Date "2016.04.21"]
[Round "2.4"]
[White "Gajic, Branko"]
[Black "Rihterovic, Milan"]
[Result "0-1"]
[WhiteElo "2195"]
[BlackElo "2247"]
[PlyCount "50"]
[EventDate "2016.04.20"]

1. e4 e5 2. Nf3 Nc6 3. Bb5 a6 4. Ba4 Nf6 5. O-O Nxe4 6. Re1 Nc5 7. Nxe5 Nxe5 8.
Rxe5+ Be7 9. Bb3 Nxb3 10. axb3 O-O 11. d4 d5 12. Re1 Bd6 13. Qh5 g6 14. Qh6 Bf5
15. c3 Re8 16. Bd2 Rxe1+ 17. Bxe1 Qe7 18. Nd2 Re8 19. Nf1 Bd3 20. Qe3 Bc2 21.
Qxe7 Rxe7 22. b4 Bf4 23. g3 Bh6 24. f4 Re2 25. Bf2 Be4 0-1

[Event "KUP CENTRALNE SRBIJE"]
[Site "Kragujevac"]
[Date "2016.04.21"]
[Round "2.4"]
[White "Petrovic, Dejan"]
[Black "Cabarkapa, Mijomir"]
[Result "0-1"]
[WhiteElo "1941"]
[BlackElo "2180"]
[PlyCount "88"]
[EventDate "2016.04.20"]

1. d4 Nf6 2. c4 g6 3. Nf3 Bg7 4. Nc3 d5 5. e3 O-O 6. Be2 c6 7. O-O e6 8. b3 Ne4
9. Nxe4 dxe4 10. Nd2 f5 11. Bb2 c5 12. Re1 cxd4 13. exd4 Bxd4 14. Bxd4 Qxd4 15.
Nf1 Nc6 16. a3 a5 17. Qc2 Qf6 18. Rad1 Nd4 19. Rxd4 Qxd4 20. Rd1 Qf6 21. c5 Rd8
22. Bc4 Rxd1 23. Qxd1 Qe7 24. Qd4 Bd7 25. Qe5 Kf7 26. Ne3 Rd8 27. g3 Bc6 28. b4
axb4 29. axb4 Qf6 30. Qc7+ Rd7 31. Qb6 Qd8 32. Qa7 b5 33. Qa6 bxc4 34. Qxc6 c3
35. Qa4 Rd2 36. h4 Qd4 37. Qa7+ Kg8 38. Qa4 Kg7 39. Qe8 Qf6 40. Qa4 c2 41. Nxc2
f4 42. Qa7+ Kh6 43. Qc7 Rxc2 44. b5 e5 0-1

[Event "KUP CENTRALNE SRBIJE"]
[Site "Kragujevac"]
[Date "2016.04.21"]
[Round "2.4"]
[White "Jocovic, Slobodan"]
[Black "Mimovic, Predrag"]
[Result "1-0"]
[WhiteElo "2087"]
[BlackElo "1993"]
[PlyCount "68"]
[EventDate "2016.04.20"]

1. d4 Nf6 2. Bg5 Ne4 3. Bf4 c6 4. Nd2 Nxd2 5. Qxd2 d5 6. Nf3 Nd7 7. e3 Nf6 8.
Bd3 e6 9. O-O Bd6 10. Ne5 h6 11. Qe2 Qe7 12. c4 Bd7 13. c5 Bb8 14. b4 a6 15. a4
O-O 16. Rfb1 Rc8 17. h3 Be8 18. Qf3 g5 19. Bh2 Kg7 20. Qe2 Nd7 21. f4 f6 22.
Nf3 e5 23. fxe5 fxe5 24. Bf5 exd4 25. Nxd4 Bxh2+ 26. Kxh2 Bf7 27. Rf1 Re8 28.
Bxd7 Qxd7 29. Nf5+ Kh7 30. Nd6 Re7 31. Rf6 Bg6 32. Raf1 Rg8 33. Qf3 Rgg7 34.
Kh1 Re5 1-0

[Event "KUP CENTRALNE SRBIJE"]
[Site "Kragujevac"]
[Date "2016.04.21"]
[Round "2.5"]
[White "Maksimovic, Branimir"]
[Black "Vasic, Vladimir"]
[Result "1-0"]
[WhiteElo "2330"]
[BlackElo "2173"]
[PlyCount "97"]
[EventDate "2016.04.20"]

1. Nf3 d5 2. c4 d4 3. b4 c5 4. e3 Nc6 5. b5 Nb8 6. exd4 cxd4 7. Bb2 e5 8. Nxe5
Nf6 9. Be2 Be7 10. d3 O-O 11. O-O Re8 12. Nf3 Bc5 13. Nbd2 Bg4 14. Nb3 Nbd7 15.
Bxd4 Bxf3 16. Bxf3 Bxd4 17. Nxd4 Ne5 18. Nb3 Rb8 19. Be2 Rc8 20. Rc1 Ng6 21. g3
b6 22. d4 Qe7 23. Bf3 Qa3 24. Rc2 Rcd8 25. Qc1 Qb4 26. Bc6 Re7 27. Qd2 Qd6 28.
Re1 h5 29. Rxe7 Nxe7 30. Bg2 Nf5 31. c5 Qb8 32. c6 Qd6 33. Qf4 Qxf4 34. gxf4
Ne8 35. Bh3 g6 36. Bxf5 gxf5 37. Re2 Nc7 38. a4 Kf8 39. Re5 Rd5 40. Kg2 f6 41.
Rxd5 Nxd5 42. Kg3 Ke7 43. Nd2 Nc3 44. Nc4 Ne2+ 45. Kh4 Nxd4 46. Kxh5 Ne6 47.
Kg6 Nxf4+ 48. Kxf5 Nd3 49. h4 1-0

[Event "KUP CENTRALNE SRBIJE"]
[Site "Kragujevac"]
[Date "2016.04.21"]
[Round "2.5"]
[White "Dimitrijevic, Milorad"]
[Black "Panic, Nenad"]
[Result "1/2-1/2"]
[WhiteElo "2113"]
[BlackElo "2352"]
[PlyCount "77"]
[EventDate "2016.04.20"]

1. e4 c5 2. Nf3 e6 3. c4 d6 4. d4 cxd4 5. Nxd4 Nf6 6. Nc3 Be7 7. Be2 O-O 8. Be3
a6 9. O-O Qc7 10. Rc1 b6 11. Qd2 Bb7 12. f3 Nbd7 13. Rfd1 Rfe8 14. b3 Rad8 15.
Bd3 Qb8 16. Qf2 Qa8 17. Bb1 d5 18. cxd5 exd5 19. exd5 Ba3 20. Rc2 Bxd5 21. Bc1
Bf8 22. Re2 Bb7 23. Rxe8 Rxe8 24. Bb2 b5 25. Kh1 Bc5 26. Nce2 Ne5 27. Ng1 Neg4
28. Qg3 Bd6 29. Qh4 Bf4 30. Bxh7+ Nxh7 31. Qxg4 Be5 32. Re1 Qb8 33. Ba1 Nf6 34.
Qg5 Bf4 35. Rxe8+ Nxe8 36. Qe7 Bd6 37. Qg5 Bf4 38. Qe7 Bd6 39. Qg5 1/2-1/2

[Event "KUP CENTRALNE SRBIJE"]
[Site "Kragujevac"]
[Date "2016.04.21"]
[Round "2.5"]
[White "Ilic, Dragan M"]
[Black "Jelisavcic, Srdjan"]
[Result "1-0"]
[WhiteElo "2333"]
[BlackElo "2089"]
[PlyCount "59"]
[EventDate "2016.04.20"]

1. d4 b5 2. Nf3 Bb7 3. Bg5 Nf6 4. Bxf6 exf6 5. e3 a6 6. a4 b4 7. c3 a5 8. Nbd2
Be7 9. Be2 O-O 10. O-O c5 11. cxb4 cxd4 12. Nxd4 Bxb4 13. Bf3 d5 14. Rc1 Nd7
15. N2b3 Ne5 16. Nc5 Bxc5 17. Rxc5 Rc8 18. Rxc8 Nxf3+ 19. Nxf3 Qxc8 20. Qd2 Qa8
21. Nd4 Rc8 22. Rc1 h6 23. h3 Rxc1+ 24. Qxc1 Kh7 25. Qc7 Kg8 26. b3 h5 27. h4
Qa6 28. Nf5 d4 29. Qd8+ Kh7 30. Qf8 1-0

[Event "KUP CENTRALNE SRBIJE"]
[Site "Kragujevac"]
[Date "2016.04.21"]
[Round "2.5"]
[White "Ilic, Milenko"]
[Black "Zivkovic, Vladislav"]
[Result "0-1"]
[WhiteElo "1854"]
[BlackElo "2168"]
[PlyCount "66"]
[EventDate "2016.04.20"]

1. d4 d5 2. c4 e6 3. Nc3 c5 4. e3 Nf6 5. Nf3 Nc6 6. cxd5 exd5 7. Be2 c4 8. O-O
Bd6 9. Nb5 Bb8 10. b3 a6 11. Nc3 b5 12. bxc4 bxc4 13. Ba3 Bd6 14. Bxd6 Qxd6 15.
Rb1 O-O 16. Rb6 Qc7 17. Qb1 Rd8 18. Nd2 Be6 19. f4 Rab8 20. Rxb8 Rxb8 21. Qe1
Qa5 22. Qc1 Bf5 23. Bf3 Nb4 24. a4 Bd3 25. Rf2 Nc2 26. Nd1 Ne4 27. Bxe4 dxe4
28. Nf1 Qe1 29. f5 f6 30. h3 h5 31. g4 h4 32. g5 fxg5 33. f6 Rf8 0-1

[Event "KUP CENTRALNE SRBIJE"]
[Site "Kragujevac"]
[Date "2016.04.21"]
[Round "2.6"]
[White "Blagojevic, Nebojsa"]
[Black "Gajic, Nikola M"]
[Result "1/2-1/2"]
[WhiteElo "2224"]
[BlackElo "2008"]
[PlyCount "118"]
[EventDate "2016.04.20"]

1. e4 e5 2. Nf3 Nc6 3. d4 exd4 4. Nxd4 Nf6 5. Nxc6 bxc6 6. Bd3 Be7 7. O-O d6 8.
Nc3 O-O 9. h3 a5 10. Re1 Nd7 11. Be3 Bf6 12. Qd2 Re8 13. Rad1 Bb7 14. f4 c5 15.
Bf2 Bd4 16. Bxd4 cxd4 17. Nb5 Nc5 18. Nxd4 Nxe4 19. Bxe4 Bxe4 20. Re2 c5 21.
Nb5 d5 22. Nc3 Qb6 23. Nxe4 dxe4 24. Qc3 Rab8 25. b3 c4+ 26. Qe3 Qxe3+ 27. Rxe3
cxb3 28. cxb3 Kf8 29. Rd5 a4 30. bxa4 Rb4 31. a5 Ra4 32. a3 Ra8 33. Rd7 R8xa5
34. Rc3 g6 35. Rcc7 Rf5 36. Ra7 Rxa7 37. Rxa7 Rxf4 38. g3 Rf3 39. Kg2 Rb3 40.
g4 h6 41. h4 Kg7 42. Re7 Rxa3 43. Rxe4 f5 44. gxf5 gxf5 45. Re6 Ra4 46. Kh3 Rg4
47. Ra6 Rg1 48. Rb6 h5 49. Ra6 f4 50. Kh2 Rg6 51. Ra5 Kh6 52. Rf5 Rg4 53. Kh3
Kg6 54. Rf8 Kg7 55. Rf5 Kh6 56. Rf6+ Kg7 57. Rf5 Kg6 58. Rf8 Rg3+ 59. Kh2 Rg4
1/2-1/2

[Event "KUP CENTRALNE SRBIJE"]
[Site "Kragujevac"]
[Date "2016.04.21"]
[Round "2.7"]
[White "Bjelanovic, Mile"]
[Black "Savic, Bratislav"]
[Result "1/2-1/2"]
[WhiteElo "1895"]
[BlackElo "1932"]
[PlyCount "62"]
[EventDate "2016.04.20"]

1. e4 d6 2. d4 Nd7 3. Nf3 g6 4. Bc4 h6 5. O-O e6 6. Nc3 Bg7 7. Be3 Ne7 8. Qe2
c6 9. Rad1 d5 10. Bd3 dxe4 11. Nxe4 Nf5 12. Bf4 g5 13. Nd6+ Nxd6 14. Bxd6 Nb6
15. Be5 O-O 16. Bxg7 Kxg7 17. c3 Nd5 18. Bb1 f5 19. Ne5 Nf4 20. Qc2 Bd7 21.
Rfe1 Rf6 22. Re3 Be8 23. Rde1 c5 24. Qb3 Qd5 25. Qxd5 Nxd5 26. Rd3 cxd4 27.
Rxd4 Rc8 28. c4 Ne7 29. b3 Nc6 30. Rd6 Rd8 31. Rxd8 Nxd8 1/2-1/2

[Event "KUP CENTRALNE SRBIJE"]
[Site "Kragujevac"]
[Date "2016.04.21"]
[Round "2.7"]
[White "Stojanovic, Vladimir M"]
[Black "Markovic, Predrag M"]
[Result "0-1"]
[WhiteElo "1859"]
[BlackElo "1808"]
[PlyCount "58"]
[EventDate "2016.04.20"]

1. d4 Nf6 2. Nf3 g6 3. c4 Bg7 4. Nc3 O-O 5. e4 d6 6. Be2 e5 7. O-O Nc6 8. d5
Ne7 9. Ne1 Nd7 10. Bd2 f5 11. f3 Nf6 12. Bd3 f4 13. b4 g5 14. g4 fxg3 15. Bxg5
gxh2+ 16. Kh1 Qe8 17. Nb5 Qg6 18. Qd2 Bh3 19. Ng2 h6 20. Bxf6 Bxf6 21. Nxc7
Rac8 22. Nb5 Bg5 23. Qe2 a6 24. Nc3 b5 25. Rf2 bxc4 26. Bxc4 Kh8 27. Nd1 Rg8
28. Nde3 Bxe3 29. Nxe3 Qg1+ 0-1

[Event "KUP CENTRALNE SRBIJE"]
[Site "Kragujevac"]
[Date "2016.04.21"]
[Round "2.7"]
[White "Ugljesic, Nemanja"]
[Black "Kokic, Miljko"]
[Result "1-0"]
[WhiteElo "1627"]
[BlackElo "1552"]
[PlyCount "87"]
[EventDate "2016.04.20"]

1. e4 e5 2. Nf3 Nc6 3. Bb5 Nf6 4. d3 d6 5. c3 Bd7 6. O-O Be7 7. Re1 h6 8. Nbd2
a6 9. Ba4 Bg4 10. h3 Be6 11. d4 Bd7 12. Bxc6 Bxc6 13. dxe5 dxe5 14. Nxe5 Qd6
15. Nxc6 Qxc6 16. e5 Nd7 17. Nf3 O-O-O 18. Qe2 Nc5 19. Nd4 Qg6 20. Qg4+ Qxg4
21. hxg4 Nd3 22. Re2 Nxc1 23. Rxc1 Bg5 24. Rce1 Rhe8 25. g3 g6 26. f4 Be7 27.
Kg2 b5 28. Nc6 Rd3 29. e6 f6 30. Nxe7+ Rxe7 31. Rh1 Rd6 32. f5 gxf5 33. gxf5
Rd3 34. Rxh6 c5 35. Rxf6 a5 36. Rf8+ Kc7 37. Rf7 Kd6 38. Rxe7 Kxe7 39. f6+ Ke8
40. Kh3 b4 41. cxb4 axb4 42. Kg4 c4 43. Rh2 Re3 44. Rh8# 1-0

[Event "KUP CENTRALNE SRBIJE"]
[Site "Kragujevac"]
[Date "2016.04.21"]
[Round "2.7"]
[White "Gligorijevic, Pera"]
[Black "Petrovic, Miroljub"]
[Result "1/2-1/2"]
[WhiteElo "1568"]
[BlackElo "1701"]
[PlyCount "70"]
[EventDate "2016.04.20"]

1. f4 e5 2. d3 Nc6 3. Nf3 d6 4. e4 exf4 5. Bxf4 Nf6 6. Be2 Bg4 7. c3 Nh5 8. Be3
Bxf3 9. Bxf3 Nf6 10. d4 Qd7 11. Nd2 h5 12. h3 O-O-O 13. Qc2 Kb8 14. O-O-O g6
15. Kb1 Bg7 16. Qa4 Ne7 17. Qb3 Ne8 18. Qxf7 Rf8 19. Qb3 c6 20. Rhf1 Nc7 21.
Nc4 Nc8 22. g4 d5 23. Ne5 Bxe5 24. dxe5 Qe6 25. Bd4 Rf7 26. exd5 cxd5 27. Be2
Rdf8 28. Qc2 Rxf1 29. Rxf1 Rxf1+ 30. Bxf1 Ne7 31. Qf2 b6 32. Qf6 Nc6 33. Bd3
Ne7 34. Be3 Kc8 35. a4 Kd7 1/2-1/2